| 000 | 00679nam a2200229Ia 4500 | ||
|---|---|---|---|
| 003 | OSt | ||
| 005 | 20220926040307.0 | ||
| 006 | a|||||r|||| 00| 0 | ||
| 007 | ta | ||
| 008 | 220923b |||||||| |||| 00| 0 eng d | ||
| 037 | _cGeneral Book | ||
| 040 |
_aRTL _cRTL _beng |
||
| 041 |
_2eng _aeng |
||
| 082 | _aX:52:3:N3, H2 | ||
| 100 |
_aLevy Hermann _9129715 |
||
| 245 | 0 |
_aRetail trade associations _b a new form of monopolis |
|
| 260 | _c1942 | ||
| 490 | _aInternational Library of Sociology and Social Reconstruction, ed by Karl Mannheim, 8 | ||
| 650 |
_aDumping _9238955 |
||
| 942 |
_hX:52:3:N3, H2 _cGB _2CC |
||
| 999 |
_c664378 _d664378 |
||